احمد الشقيرى الاعمال الكاملة / (Record no. 66966)
[ view plain ]
| 000 -الفاتح | |
|---|---|
| حقل البيانات ثابتة الطول | 01373nam a2200301Ia 4500 |
| 005 - وقت وتاريخ اخر تعامل مع التسجيلة | |
| رقم الضبط | 20240530110949.0 |
| 008 - عناصر البيانات ثابتة الطول - معلومات عامة | |
| حقل البيانات ثابتة الطول | 140319s2006 xx 000 0 ara d |
| 020 ## - الرقم الدولى المعيارى للكتب | |
| الرقم الدولى المعيارى للكتاب | 9953820627 |
| 040 ## - مصدر الفهرسة | |
| وكالة الفهرسة الأصلية | GCL / |
| وكالة النسخ | GCL |
| 082 04 - رقم تصنيف ديوى العشرى | |
| رقم التصنيف | 923.1 / |
| رقم المادة | ا ا |
| 100 1# - المدخل الرئيسى - إسم شخصى | |
| الإسم الشخصى | احمد الشقيرى |
| 245 10 - بيان العنوان | |
| العنوان | احمد الشقيرى الاعمال الكاملة / |
| بيان المسئوليه,etc | تاليف احمد الشقيرى ؛ تقديم انيس صايغ |
| اسم جزء/قسم العمل | المذكرات . |
| رقم الجزء/قسم العمل | المجلد الاول - المجلد الثانى . |
| اسم جزء/قسم العمل | الكتب والدراسات القومية . |
| رقم الجزء/قسم العمل | المجلد الثالث - المجلد الرابع . |
| اسم جزء/قسم العمل | كلمات وخطب . |
| رقم الجزء/قسم العمل | المجلد الخامس - المجلد السادس . |
| 250 ## - بيان الطبعة | |
| بيان الطبعة | الاولى |
| 260 ## - PUBLICATION, DISTRIBUTION, ETC. (IMPRINT) | |
| تاريخ النشر أو التوزيع | 2006 |
| 300 ## - الوصف المادى | |
| التعداد | 6 مج ص ؛ |
| أبعاد الوعاء | 24 سم |
| 490 ## - بيان السلسلة | |
| عنوان السلسلة | لجنة تخليد ذكرى المجاهد احمد الشقيرى |
| 650 04 - المدخل الاضافى بالموضوع-مصطلح موضوعى | |
| مصطلح موضوعي | الاحوال السياسية |
| 650 04 - المدخل الاضافى بالموضوع-مصطلح موضوعى | |
| مصطلح موضوعي | الحركات القومية |
| 650 04 - المدخل الاضافى بالموضوع-مصطلح موضوعى | |
| مصطلح موضوعي | احمد الشقيرى |
| 650 04 - المدخل الاضافى بالموضوع-مصطلح موضوعى | |
| مصطلح موضوعي | القضية الفلسطينية |
| 650 04 - المدخل الاضافى بالموضوع-مصطلح موضوعى | |
| مصطلح موضوعي | جامعة الدول العربية |
| 650 04 - المدخل الاضافى بالموضوع-مصطلح موضوعى | |
| مصطلح موضوعي | الامم المتحدة |
| 650 04 - المدخل الاضافى بالموضوع-مصطلح موضوعى | |
| مصطلح موضوعي | المياه |
| 650 04 - المدخل الاضافى بالموضوع-مصطلح موضوعى | |
| مصطلح موضوعي | البحار |
| 700 ## - المدخل الاضافى - اسم شخصى | |
| الإسم الشخصى | انيس صايغ |
| الدور | مقدم |
| 942 ## - عناصر المدخل الإضافي( كوها) | |
| مصدر التصنيف او مخطط الترفيف | Dewey Decimal Classification |
| Koha [default] item type | كتاب |
| 260 ## - PUBLICATION, DISTRIBUTION, ETC. (IMPRINT) | |
| -- | بيروت : |
| -- | مركز دراسات الوحدة العربية، |
| حالة التراجع | حالة الفقد | حالة تلف | ليس للاعارة | المكان المؤقت | الموقع الحالى | موقع الترفيف | تاريخ الاكتساب | اجمالي اﻻعارات | رقم الطلب | الباركود | تاريخ اخر مشاهدة | تاريخ تفعيل السعر | نوع وعاء كوها |
|---|---|---|---|---|---|---|---|---|---|---|---|---|---|
| مكتبة القاهرة الكبرى | مكتبة القاهرة الكبرى | ق الرئيسية_التاريخ والجغرافيا_ك عربى | 12/11/2022 | 923.1 / ا ا | 168976 | 12/11/2022 | 12/11/2022 | كتاب | |||||
| مكتبة القاهرة الكبرى | مكتبة القاهرة الكبرى | ق الرئيسية_التاريخ والجغرافيا_ك عربى | 12/11/2022 | 923.1 / ا ا | 168977 | 12/11/2022 | 12/11/2022 | كتاب | |||||
| مكتبة القاهرة الكبرى | مكتبة القاهرة الكبرى | ق الرئيسية_التاريخ والجغرافيا_ك عربى | 12/11/2022 | 923.1 / ا ا | 168978 | 12/11/2022 | 12/11/2022 | كتاب | |||||
| مكتبة القاهرة الكبرى | مكتبة القاهرة الكبرى | ق الرئيسية_التاريخ والجغرافيا_ك عربى | 12/11/2022 | 923.1 / ا ا | 168979 | 12/11/2022 | 12/11/2022 | كتاب | |||||
| مكتبة القاهرة الكبرى | مكتبة القاهرة الكبرى | ق الرئيسية_التاريخ والجغرافيا_ك عربى | 12/11/2022 | 923.1 / ا ا | 168980 | 12/11/2022 | 12/11/2022 | كتاب | |||||
| مكتبة القاهرة الكبرى | مكتبة القاهرة الكبرى | ق الرئيسية_التاريخ والجغرافيا_ك عربى | 12/11/2022 | 923.1 / ا ا | 168981 | 12/11/2022 | 12/11/2022 | كتاب |

